| 000 | 00795cab a2200253 4500 | ||
|---|---|---|---|
| 001 | WB3222-43 | ||
| 008 | 090401t1996 xxu||||| |||| 00| 0 eng d | ||
| 035 | _a(Sirsi) u20998 | ||
| 041 | _aeng | ||
| 245 | _aPoster site on rating list | ||
| 260 | _c1996 | ||
| 350 | _a0 | ||
| 490 |
_aTimes _v3 June 1996, 42(1) |
||
| 520 | _a"O`Brien v Secker" CA 16 May 1996. A grant of a right to use a flank wall for advertising and placing structures creates a hereditament and is to be entered in the non-domestic rating list. | ||
| 650 | _aADVERTISING HOARDINGS | ||
| 650 | _aNON-DOMESTIC RATING | ||
| 650 | _aOBRIEN V SECKER | ||
| 650 | _aPOSTER SITE | ||
| 650 | _aRATING APPEALS | ||
| 650 | _aRATING LIST | ||
| 690 | _aRATING AND VALUATION-CASE LAW | ||
| 942 | _n0 | ||
| 948 | _c04/03/1997 | ||
| 999 |
_c14086 _d14086 |
||